000 00343nam a2200145 a 4500
008 980827s1959||||xx 0 und c
040 _aSNK
_bslo
_cSNK
_eAACR2
100 1 _aFischer, Ján
245 1 0 _aDejiny hudby
_n1
260 _aBratislava
_bOsvetový ústav
_c1959
300 _a321 s.
020 _c10
044 _axo
_cSK
041 _aslo
999 _c15177
_d15177